常磐線の駅 - Statistics

General Stats
  • This quiz has been taken 13 times
  • The average score is 58 of 80
Answer Stats
Answer % Correct
日暮里
100%
三河島
100%
南千住
100%
北千住
100%
松戸
100%
北松戸
100%
新松戸
100%
100%
北柏
100%
我孫子
100%
天王台
100%
取手
100%
牛久
100%
土浦
100%
石岡
100%
友部
100%
水戸
100%
勝田
100%
日立
100%
双葉
100%
綾瀬
92%
亀有
92%
金町
92%
馬橋
92%
北小金
92%
南柏
92%
龍ケ崎市
92%
ひたち野うしく
92%
偕楽園
92%
大甕
92%
勿来
92%
92%
いわき
92%
岩沼
92%
藤代
85%
荒川沖
85%
赤塚
85%
東海
85%
常陸多賀
85%
高萩
85%
磯原
85%
大津港
85%
浪江
85%
原ノ町
85%
富岡
77%
夜ノ森
77%
相馬
77%
亘理
77%
神立
69%
十王
69%
湯本
69%
広野
69%
Jヴィレッジ
69%
羽鳥
62%
内原
62%
佐和
62%
大野
62%
新地
62%
山下
54%
高浜
46%
岩間
46%
久ノ浜
46%
小高
46%
南中郷
38%
内郷
38%
草野
38%
四ツ倉
38%
坂元
38%
小木津
31%
磐城太田
31%
逢隈
31%
植田
23%
末続
23%
木戸
23%
竜田
23%
桃内
23%
鹿島
23%
日立木
23%
浜吉田
23%
駒ケ嶺
15%
No matching quizzes found
Score Distribution
Percent of People with Each Score
Percentile by Number Answered
Your Score History
You have not taken this quiz